000 02509cam a22006014i 4500
003 PE-LiUPU
005 20250731170444.0
008 150625s2005 mx a r 000 0 spa d
020 _a9701044673
020 _a9789701044674
035 _a(Sirsi) i9789701044674
040 _aPE-LiUPU
_bspa
_cPE-LiUPU
_dPE-LiUPU
_erda
049 _aPRUA
082 0 4 _a150.9
_bH77
_221
100 1 _aHothersall, David,
_eautor.
245 1 0 _aHistoria de la Psicología /
_cDavid Hothersall.
250 _aCuarta edición.
264 1 _aMéxico :
_bMcGraw-Hill Interamericana,
_c2005.
300 _a641 páginas :
_bilustraciones ;
_c23 centímetros
336 _atext
_2rdacontent
337 _aunmediated
_2rdamedia
338 _avolume
_2rdacarrier
505 0 _aLa psicología en la antigüedad -- Antecedentes filosóficos y científicos de la psicología -- Primeros estudios del sistema nervioso central -- Wilhelm Wundt y la fundación de la psicología -- Edward Titchener y Hugo Münsterberg -- Psicólogos alemanes del siglo XIX y principios del XX -- La psicología de la Gestalt en Alemania y Estados Unidos -- Historia de la psicología clínica y desarrollo del psicoanálisis -- Darwin, Galton, Cattell, James y Hall -- El funcionalismo en las universidades de Chicago y Columbia -- Usos y abusos históricos de las pruebas de inteligencia -- Las investigaciones de Iván Pavlov y el onductismo de John B. Watson -- Cuatro psicólogos neoconductistas.
526 _aSEG68
526 _aSEG70
526 _aSEG69
526 _aSEG67
526 _aSEG43
526 _aP144
526 _aP143
526 _aP131
526 _aP122
526 _aP120
526 _aP117
526 _aP112
526 _aP110
526 _aP106
526 _aP101
526 _aP80
526 _aP59
526 _aP54
526 _aP35
526 _aP33
526 _aP30
650 0 4 _aPsicología
_xHistoria.
910 _aemss
942 _2ddc
_cBK
949 _a150.9 H77
_wDEWEY
_c1
_i58998
_d2016-11-29
_e2016-11-29
_lCCODEBUL1
_mBUL
_n51
_r0
_sY
_tBOOK
_u2015-6-25
_xSALUD
_0COMPRA
_o.STAFF. Colección Ciencias de la Salud
949 _a150.9 H77 2005
_wDEWEY
_c1
_iFJ01533
_lCCODEBUJ1
_mBUJ
_p35.00
_r0
_sY
_tBOOK
_u2018-05-23
_xSALUD
_zPSICOLOGÍA
_o.STAFF. Colección General Juliaca
980 _81
_gALBERTO SANCHEZ Responsable de Automatización
999 _c47838
_d47838